| 000 | 00633nam a2200193Ia 4500 | ||
|---|---|---|---|
| 003 | GCL | ||
| 008 | 140319s9999 xx 000 0 ara d | ||
| 040 |
_aGCL / _cGCL |
||
| 082 | 0 | 4 |
_a791.43 _bخ ش |
| 100 | 1 | _aخيرية البشلاوى | |
| 245 | 1 | 0 |
_aالشعر والهوية المصرية فى افلام هاشم النحاس / _cخيرية البشلاوى |
| 260 |
_a[S.N] : _bصندوق التنمية الثقافية ، _c1995 |
||
| 300 | _a119 ص | ||
| 490 | _a | ||
| 650 | 0 | 4 | _aالسينما |
| 650 | 0 | 4 | _aالاخراج السينمائى |
| 650 | 0 | 4 | _aالسينمائيون المصريون |
| 942 |
_2ddc _cBK |
||
| 999 |
_c36584 _d36584 |
||